International Property Assessment Administration : Proceedings of the 40th annual International Conference on assessment administration

Bibliographic Details
Corporate Author: International Conference on assessment administration
Format: Conference Proceeding Book
Published: Chicago : International Association Of Assessing Officers , 1974
Subjects:

MARC

LEADER 00000cam a2200000 7i4500
001 0000009618
005 20161212.0
020 |a 0883290782 
040 |a INS 
090 0 0 |a HJ3214   |b I58 1974 
111 2 |a International Conference on assessment administration 
245 1 0 |a International Property Assessment Administration :   |b Proceedings of the 40th annual International Conference on assessment administration 
260 |a Chicago :   |b International Association Of Assessing Officers ,   |c 1974 
300 |a 369p. ;   |c 23cm. 
650 0 |a Tax assessment   |v Congresses 
650 0 |a Tax assessment   |z United States   |v Congresses 
999 |a 0000024062   |b BOOK   |c Open Shelf   |e Default branch